Fish and river pollution
Sparad:
| Huvudupphovsman: | |
|---|---|
| Materialtyp: | Bok |
| Språk: | engelska |
| Publicerad: |
Londres
Butterworths
1964
|
| Ämnen: | |
| Taggar: |
Lägg till en tagg
Inga taggar, Lägg till första taggen!
|
MARC
| LEADER | 00000nam a2200000 a 4500 | ||
|---|---|---|---|
| 001 | UCV5188 | ||
| 003 | CL-VaPUC | ||
| 008 | 920825e19640000UK |||||||||||||||||eng|d | ||
| 082 | 0 | 4 | |a 628.168 |b JON |2 21 |
| 100 | 0 | |a Jones, J. R. Erichsen |e author |9 299485 | |
| 245 | 1 | 0 | |a Fish and river pollution |
| 300 | |a 203 p | ||
| 942 | |c BK | ||
| 945 | |d 19920825 00:00:00 |a mfernand | ||
| 260 | |a Londres |b Butterworths |c 1964 | ||
| 650 | 0 | |a Contaminación del agua |9 261423 | |
| 650 | 7 | |a ORGANISMOS ACUATICOS |2 CL-VaPUC |9 261822 | |
| 650 | 7 | |a EFECTO DE LA CONTAMINACION |2 CL-VaPUC |9 261823 | |
| 583 | |a last modification |c 19920825 00:00:00 |k Rodrigo Vera | ||
| 999 | |c 211775 |d 211773 | ||
| 952 | |0 0 |1 0 |2 ddc |4 0 |6 628_168000000000000_JON_1964 |7 0 |8 A |9 191678 |a BIBCUR |b BIBCUR |d 2019-11-14 |i 2592126 |o 628.168 JON 1964 |p 2592126 |r 2025-04-22 |w 2019-11-14 |y BK |k CIM | ||
| 952 | |0 0 |1 0 |2 ddc |4 0 |6 628_168000000000000_JON_1964 |7 0 |8 A |9 191679 |a BIBCUR |b BIBCUR |d 2019-11-14 |i 2592134 |o 628.168 JON 1964 |p 2592134 |r 2025-04-22 |w 2019-11-14 |y BK |k CIM | ||
| 952 | |0 0 |1 0 |2 ddc |4 0 |6 628_168000000000000_JON_1964 |7 0 |8 A |9 191680 |a BIBCUR |b BIBCUR |d 2019-11-14 |i 2592142 |o 628.168 JON 1964 |p 2592142 |r 2025-04-22 |w 2019-11-14 |y BK |k CIM | ||
| 952 | |0 0 |1 0 |2 ddc |4 0 |6 628_168000000000000_JON_1964 |7 0 |8 A |9 191681 |a BIBCUR |b BIBCUR |d 2019-11-14 |i 3044629 |o 628.168 JON 1964 |p 3044629 |r 2025-04-22 |w 2019-11-14 |y BK |k CIM | ||
| 952 | |0 0 |1 0 |4 0 |6 628_168000000000000_JON_1964 |7 0 |8 A |9 191682 |a BIBCUR |b BIBCUR |d 2019-11-14 |i 319549K |o 628.168 JON 1964 |p 319549K |r 2025-04-22 |w 2019-11-14 |y BK |k BCB | ||